Medical imaging signals and systems (Record no. 54)

000 -LEADER
fixed length control field 00565nam a22002177a 4500
001 - CONTROL NUMBER
control field 54
003 - CONTROL NUMBER IDENTIFIER
control field BD-DhUET
008 - FIXED-LENGTH DATA ELEMENTS--GENERAL INFORMATION
fixed length control field 140714b xxu||||| |||| 00| 0 eng d
020 ## - INTERNATIONAL STANDARD BOOK NUMBER
International Standard Book Number 9788131721360
040 ## - CATALOGING SOURCE
Transcribing agency 0
Modifying agency BD-DhUET
082 ## - DEWEY DECIMAL CLASSIFICATION NUMBER
Classification number 616.0754
Item number PRI/2006
100 ## - MAIN ENTRY--PERSONAL NAME
Personal name Prince, Jerry L.
245 ## - TITLE STATEMENT
Title Medical imaging signals and systems
250 ## - EDITION STATEMENT
Edition statement 1st ed.
260 ## - PUBLICATION, DISTRIBUTION, ETC. (IMPRINT)
Place of publication, distribution, etc. New Delhi
Name of publisher, distributor, etc. Pearson Education
Date of publication, distribution, etc. 2006
300 ## - PHYSICAL DESCRIPTION
Extent 496p.
504 ## - BIBLIOGRAPHY, ETC. NOTE
Bibliography, etc Includes bibliographies
650 #0 - SUBJECT ADDED ENTRY--TOPICAL TERM
Topical term or geographic name as entry element Diagnostic imaging-Digital techniques
700 ## - ADDED ENTRY--PERSONAL NAME
Personal name Links, Jonathan M.
942 ## - ADDED ENTRY ELEMENTS (KOHA)
Koha item type General Book
Holdings
Price effective from Koha date last borrowed Withdrawn status Sublocation or collection (holding branch) Koha full call number Koha normalized classification for sorting Date acquired Copy number Koha date last seen Damaged status Shelving location Not for loan Koha issues (times borrowed) Location (home branch) Koha item type Source of classification or shelving scheme Lost status Piece designation (barcode)
2014-07-142025-07-08 Central Library, BUET616.0754/PRI/2006616_000000000000000_0754PRI2002014-07-1422025-12-01 Circulation section 4Central Library, BUETGeneral Book  110756
2014-07-212025-07-08 Central Library, BUET616.0754/PRI/2006616_075400000000000_PRI_20062014-07-2112025-12-01 Circulation section 3Central Library, BUETGeneral Book  110755